Les sociétaires des Grosses Têtes 2 - Statistiques

Statistiques générales
  • Ce quiz a été pris 26 fois
  • Le résultat moyen est 33 sur 54
Statistiques - réponses
Nom ou Prénom Initiale Réponse % Correct
Animatrice Cristina C Cordula
96%
Humoriste Gad E Elmaleh
96%
Acteur Benguigui J Jean
96%
Animateur Coffe J-P Jean-Pierre
96%
Animateur Ruquier L Laurent
96%
Humoriste Palmade P Pierre
96%
Humoriste Kev A Adams
92%
Chanteuse Foly L Liane
92%
Humoriste Muriel R Robin
92%
Actrice Danièle E Evenou
88%
Actrice Bernier M Michèle
88%
Animateur Christophe D Dechavanne
83%
Chanteuse Amanda L Lear
83%
Humoriste Anne R Roumanoff
83%
Acteur Duléry A Antoine
79%
Acteur De Groodt S Stéphane
79%
Animateur Cerrutti V Vincent
79%
Humoriste Baptiste L Lecaplain
75%
Humoriste Chevallier P Philippe
75%
Acteur Castelli P Philippe
75%
Animateur Morin C Christian
71%
Acteur Perrin F Francis
71%
Ecrivain Ferrand F Franck
71%
Chanteuse Marie L Laforêt
71%
Animteur Vincent L Lagaf
71%
Humoriste Bernard M Mabille
71%
Ecrivain Sabatier R Robert
71%
Chef d'entreprise Bernard T Tapie
71%
Chanteuse Rika Z Zaraï
71%
Journaliste Barbier C Christophe
67%
Acteur Jacques B Balutin
63%
Sportive Darie B Boutboul
63%
Chroniqueuse Elodie G Gossuin
63%
Médecin De Funès P Patrick
63%
Animatrice Mireille D Dumas
58%
Journaliste Ariel W Wizman
54%
Chroniqueuse Isabelle A Alonso
50%
Sportif Vikash D Dhorasoo
50%
Actrice Kahn R Rachel
50%
Acteur Peter U Ustinov
50%
Mentaliste Fabien O Olicard
46%
Journaliste Quenin I Isabelle
42%
Actrice Jeanne B Balibar
38%
Animateur Wayaffe H Hubert
29%
Acteur Vaude N Nicolas
29%
Journaliste Olivier B Bellamy
25%
Humoriste Souagnon S Shirley
25%
Humoriste Meslay A Albert
17%
Romancier Alphonse B Boudard
13%
Chanteuse - P E Princesse Erika
13%
Ecrivain Paul G Guth
8%
Danseuse Salimo G Galia
4%
Ecrivain Jean-Loup C Chiffet
0%
Humoriste - G Guihome
0%
Aucun quiz correspondant
Distribution des résultats
% des personnes avec chaque résultat
Percentile par nombre de réponses
Votre historique - résultats
Vous n’avez pas pris ce quiz